| 000 | 00583nam a22001937a 4500 | ||
|---|---|---|---|
| 003 | Ost | ||
| 005 | 20210523153107.0 | ||
| 008 | 210523b |||||||| |||| 00| 0 eng d | ||
| 020 | _a9780091589110 | ||
| 040 | _cBT-PhCST | ||
| 050 | _a2404 | ||
| 082 |
_222 _a613.25 _bGIL |
||
| 100 | _aGillie, Oliver ; | ||
| 245 |
_aThe sunday times ABC diet and bodyplan / _bthe eight-week course that can re-shape your life: |
||
| 260 |
_aLondon : _bHutchinson & Co (Publishers) Ltd. _c1984. |
||
| 300 |
_a144 p. : _bill. (some photographs) ; _c28 cm. |
||
| 700 | _aRaby, Susana. | ||
| 942 |
_2ddc _cGEN |
||
| 999 |
_c8149 _d8149 |
||